Lenin (La coherencia de su pensamiento) /
Guardado en:
| Autor principal: | |
|---|---|
| Otros Autores: | |
| Formato: | Desconocido |
| Lenguaje: | Spanish |
| Publicado: |
México :
Editorial Grijalbo,
1970.
|
| Colección: | (Colección 70 :
número 80) |
| Materias: | |
| Etiquetas: |
Agregar Etiqueta
Sin Etiquetas, Sea el primero en etiquetar este registro!
|
MARC
| LEADER | 000000000a22000000004500 | ||
|---|---|---|---|
| 001 | 001925 | ||
| 041 | 0 | |a spa | |
| 082 | 0 | 4 | |a 335.43D |b L566-l |
| 100 | 1 | |a Luckács, Georg, |d 1885-1971 | |
| 245 | 1 | 0 | |a Lenin (La coherencia de su pensamiento) / |c Georg Luckács ; Jacobo Muñoz, traductor. |
| 260 | 1 | |a México : |b Editorial Grijalbo, |c 1970. | |
| 300 | |a 173 páginas ; |c 18x12 cm. | ||
| 490 | 1 | |a (Colección 70 : |b Segunda serie ; |v número 80) | |
| 650 | 4 | |a LENIN, VLADIMIR ILICH, 1870-1924 | |
| 650 | 4 | |a CRITICAS | |
| 700 | 1 | |a Muñoz, Jacobo, |e traductor | |
| 999 | |c 8570 |d 8570 | ||
| 942 | |c BK |h 335.43D L566-l |2 z | ||
